A Study on the effects of separation of parents on the emotional development of selected High School Students of Southville International School. (Record no. 96257)
[ view plain ]
| 000 -LEADER | |
|---|---|
| fixed length control field | 00390nam a2200109 a 4500 |
| 005 - DATE AND TIME OF LATEST TRANSACTION | |
| control field | 20140408090020.0 |
| 008 - FIXED-LENGTH DATA ELEMENTS--GENERAL INFORMATION | |
| fixed length control field | 030603s19uu xx 00 eng d |
| 050 ## - LIBRARY OF CONGRESS CALL NUMBER | |
| Classification number | PHS '00 |
| Item number | Ar3 #3b |
| 100 ## - MAIN ENTRY--PERSONAL NAME | |
| Personal name | Arguelles, Joymie G. |
| 245 ## - TITLE STATEMENT | |
| Title | A Study on the effects of separation of parents on the emotional development of selected High School Students of Southville International School. |
| 942 ## - ADDED ENTRY ELEMENTS (KOHA) | |
| Koha item type | PASS |
| Withdrawn status | Lost status | Damaged status | Home library | Current library | Shelving location | Date acquired | Source of acquisition | Total Checkouts | Full call number | Barcode | Date last seen | Price effective from | Koha item type |
|---|---|---|---|---|---|---|---|---|---|---|---|---|---|
| Luxembourg Library | Luxembourg Library | Portfolio Assessment of SISC Students Section | 06/03/2003 | PHS '00 Ar3 #3b | P0188 | 04/08/2014 | 04/08/2014 | PASS |